Belalang yang pemalas

Bibliographic Details
Main Author: Suziana Che Wil
Corporate Author: Title
Format: Book
Published: Selangor : Penerbit Orkid , 2006
Series:Siri alam haiwan
Subjects:

MARC

LEADER 00000cam a2200000 7i4500
001 0000004282
005 20151222.0
008 070725
020 |a 9838914347 
020 |a 9838914371(set) 
090 0 0 |a JF   |b ANM MAL (3882) 
100 0 |a Suziana Che Wil 
245 0 0 |a Belalang yang pemalas   |c Suziana Che Wil 
260 |a Selangor :   |b Penerbit Orkid ,   |c 2006 
440 |a Siri alam haiwan 
500 |a Children ages 7-9 years old (orange) 
650 0 |a Animal   |x fiction 
650 0 |a Children's stories, Malay 
710 0 |a Title 
999 |a 0000917363   |b Book   |c Children Collection   |e Cawangan Bukit Gambir 
999 |a 0000929664   |b Book   |c Children Collection   |e Cawangan Tangkak 
999 |a 0000975925   |b Book   |c Children Collection   |e Perbadanan Perpustakaan Awam Johor 
999 |a 0000975926   |b Book   |c Children Collection   |e Perbadanan Perpustakaan Awam Johor 
999 |a 0000975927   |b Book   |c Children Collection   |e Perbadanan Perpustakaan Awam Johor 
999 |a 0000975928   |b Book   |c Children Collection   |e Perbadanan Perpustakaan Awam Johor 
999 |a 0001072518   |b Book   |c Children Collection   |e Cawangan Bukit Gambir